000 00723nam a2200217Ia 4500
001 9334
003 GE_BSU
008 181216s||||||||xx |||||||||||||| ||und||
040 _cGE_BSU
100 _aმაისურაძე,ელიზბარ
245 _aორი შეხვედრა
245 _bმოთხრობები
245 _cრედ. ალ.ადამია.მხატვ.კ.წერეთელი
260 _aთბილისი
260 _bლიტერატურა და ხელოვნება
260 _c1965
300 _a259გვ.21სმ.
653 _aმოთხრობები
653 _aორი შეხვედრა
942 _cBK
999 _c42630
_d42630